000 00188 a2200097 4500
020 _a9781455506637
041 _aeng
100 _aJAMES PATTERSON
245 _aPOST CARD KILLERS
942 _cBK
999 _c5649
_d5649